Văn hóa dân gian Gia Đông Bắc Ninh

محفوظ في:
التفاصيل البيبلوغرافية
المؤلف الرئيسي: Chu Quang Trứ
التنسيق: كتاب
اللغة:Vietnamese
منشور في: H. Lao động 2010
سلاسل:Hội văn nghệ dân gian Việt Nam
الموضوعات:
الوسوم: إضافة وسم
لا توجد وسوم, كن أول من يضع وسما على هذه التسجيلة!
Thư viện lưu trữ: Mạng thư viện Đại học Đà Nẵng
LEADER 01013nam a2200313 4500
001 000015845
003 12229
005 20120605150613.0
008 120605s2010 viesd
041 0 |a vie 
082 |a 398.0959727  |b CH-T 
100 0 |a Chu Quang Trứ 
245 0 |a Văn hóa dân gian Gia Đông Bắc Ninh  |c Chu Quang Trứ 
260 |a H.  |b Lao động  |c 2010 
300 |a 230 tr.  |c 21 cm 
490 |a Hội văn nghệ dân gian Việt Nam 
653 |a Văn hóa dân gian 
653 |a Gia Đông 
653 |a Bắc Ninh 
OWN |a LSP 
AVA |a UDN50  |b LSP  |d 398.0959727 CH-T  |e available  |t Error 5001 Not defined in file expand_doc_bib_avail.  |f 1  |g 0  |h N  |i 0  |k 1 
999 |a From the UDN01 
AVA |a UDN50  |b LSP  |d 398.0959727 CH-T  |e available  |t Error 5001 Not defined in file expand_doc_bib_avail.  |f 1  |g 0  |h N  |i 0  |k 1 
TYP |a Monograph 
TYP |a Printed language 
980 |a Mạng thư viện Đại học Đà Nẵng